[Event "FRA-ch"]
[Site "Val Thorens"]
[Date "1988.??.??"]
[Round "7"]
[White "Vareille, Francois"]
[Black "Ferry, Roger"]
[Result "1/2-1/2"]
[WhiteElo "2280"]
[BlackElo "2320"]

1.c4 c6 2.e4 e6 3.Nc3 d5 4.Nf3 dxe4 5.Nxe4 Nd7 6.d4 Ngf6 7.Bd3 Nxe4 8.Bxe4 Nf6
9.Bc2 Bb4+ 10.Bd2 Qa5 11.a3 Bxd2+ 12.Qxd2 Qxd2+ 13.Kxd2 b6 14.Ne5 Bb7 15.f3 Nd7
16.Nd3 O-O-O 17.Kc3 h5 18.h4 g5 19.hxg5 Rdg8 20.Rh2 Rxg5 21.Rah1 c5 22.dxc5 Nxc5
23.Nf4 e5 24.Rxh5 Rhxh5 25.Rxh5 Rxh5 26.Nxh5 e4 27.fxe4 Bxe4 28.Bxe4 Nxe4+
29.Kd4 Nd6 30.g4 Kd7 31.Kd5 Nc8 32.Ke5 Ke7 33.Nf4 f6+ 34.Kd5 Kd7 35.Ne6 Nd6
36.Nf8+ Ke7 37.Nh7 Nf7 38.b3 Nh6 39.Kc6 Nxg4 40.Kb7 f5 41.Ng5 Kd6 42.Kxa7 Kc6
43.Ne6 Ne3 44.a4 Nc2 45.Nf4 Nb4 46.Nd5 Nxd5 47.cxd5+ Kc7 48.b4 f4 49.a5 b5
50.d6+ Kxd6 51.Kb6 f3 52.a6 f2 53.a7 f1=Q 54.a8=Q Qf2+ 55.Kxb5 Qe2+ 56.Kb6 Qe3+  1/2-1/2

[Event "Aarhus op"]
[Site "Aarhus"]
[Date "1989.??.??"]
[Round "1"]
[White "Sorensen, Torben"]
[Black "Madsen, John"]
[Result "1-0"]
[WhiteElo "2345"]
[BlackElo "2220"]

1.c4 c6 2.Nf3 d5 3.d4 e6 4.Nc3 dxc4 5.a4 Bb4 6.e3 b5 7.Bd2 a5 8.axb5 Bxc3
9.Bxc3 cxb5 10.b3 Bb7 11.bxc4 b4 12.Bb2 Nf6 13.Qa4+ Bc6 14.Qc2 Nbd7 15.Bd3 a4
16.d5 Nc5 17.Ne5 Bb7 18.dxe6 fxe6 19.Bxh7 Nfe4 20.Bg6+ Ke7 21.O-O a3 22.Rad1 b3
23.Qe2 axb2 24.Rxd8 Rhxd8 25.Bxe4 Bxe4 26.Qxb2 Ra2 27.Nc6+ Kd6 28.Qd4+ Kxc6
29.Qxd8 b2 30.Qe8+ Kc7 31.Qb5 Nd7 32.Qb3  1-0

[Event "Aarhus-A"]
[Site "Aarhus"]
[Date "1989.??.??"]
[Round "2"]
[White "Jacobsen, Bo"]
[Black "Jelling, Erik"]
[Result "1/2-1/2"]
[WhiteElo "2290"]
[BlackElo "2340"]

1.c4 c6 2.Nf3 Nf6 3.g3 d5 4.Bg2 Bf5 5.O-O e6 6.d3 h6 7.Be3 dxc4 8.dxc4 Qxd1
9.Rxd1 Nbd7 10.Nc3 e5 11.h3 Be6 12.Nd2 a5 13.Na4 Be7 14.Rac1 O-O 15.Nb3 Rfd8
16.Kf1 Kf8 17.g4 Ke8 18.Nbc5 Nxc5 19.Rxd8+ Bxd8 20.Bxc5 Nd7 21.Bd6 Be7 22.Bxe7 Kxe7
23.b3 Rd8 24.e3 Nf6 25.Ke2 g5 26.Nc5 Bc8 27.Nd3 h5 28.gxh5 e4 29.Nc5 Rh8
30.Nxe4 Nxe4 31.Bxe4 Rxh5 32.Bg2 Bxh3 33.Bxh3  1/2-1/2

[Event "Aarhus-A"]
[Site "Aarhus"]
[Date "1989.??.??"]
[Round "2"]
[White "Kroll, Ove"]
[Black "Rewitz, Poul"]
[Result "1/2-1/2"]
[WhiteElo "2335"]
[BlackElo "2260"]

1.c4 c6 2.Nc3 d5 3.d4 e6 4.Nf3 Nf6 5.Bg5 dxc4 6.e4 b5 7.e5 h6 8.Bh4 g5 9.Nxg5 hxg5
10.Bxg5 Nbd7 11.Qf3 Bb7 12.Be2 Qc7 13.Bxf6 c5 14.Ne4 Rg8 15.O-O-O Qc6 16.Nxc5 Nxc5
17.dxc5 Rxg2 18.Qf4 Qe4 19.Qxe4 Bxe4 20.Rd4 Bd5 21.h4 Rxf2 22.Re1 Bxc5 23.Rg4 Kd7
24.Kd1 Rh2 25.Rf1 Kc6 26.Bg5 a5 27.Rxf7 a4 28.a3 c3 29.bxc3 Bxa3 30.Be3 Bb2
31.Rgg7 Bb3+ 32.Kd2 Rd8+ 33.Bd4 Bc4 34.Rc7+ Kd5 35.Rc5+ Ke4 36.Rg4+ Kf5 37.Rg5+ Ke4
38.Rg4+  1/2-1/2

[Event "Aarhus int"]
[Site "Aarhus"]
[Date "1989.??.??"]
[Round "7"]
[White "Rodgaard, John"]
[Black "Jelling, Erik"]
[Result "1/2-1/2"]
[WhiteElo "2360"]
[BlackElo "2340"]

1.c4 c6 2.Nf3 d5 3.cxd5 cxd5 4.d4 Nf6 5.Nc3 e6 6.e3 Bd6 7.Be2 O-O 8.O-O Nbd7
9.b3 a6 10.a4 Qe7 11.Nb1 Ne4 12.Ba3 Bxa3 13.Nxa3 b6 14.Qc2 Bb7 15.Qb2 Qb4
16.Bd3 Rfc8 17.Rfc1 Ndf6 18.h3 h6 19.Rc2 Rxc2 20.Nxc2 Qd6 21.Rc1 Rc8 22.Nce1 Rxc1  1/2-1/2

[Event "American op"]
[Site "?"]
[Date "1989.??.??"]
[Round "7"]
[White "Christiansen, Larry Mark"]
[Black "Kamsky, Gata"]
[Result "1-0"]
[WhiteElo "2530"]
[BlackElo "2345"]

1.c4 c6 2.d4 d5 3.Nf3 Nf6 4.e3 Bf5 5.Nc3 e6 6.Bd3 Bxd3 7.Qxd3 Nbd7 8.O-O Be7
9.Rd1 O-O 10.b3 Qb6 11.e4 dxe4 12.Nxe4 Nxe4 13.Qxe4 Nf6 14.Qe2 Rad8 15.Bf4 Qa5
16.Rd3 Qf5 17.Bg3 Nh5 18.Ne5 Bf6 19.Rad1 Rd6 20.Rf3 Nxg3 21.hxg3 Qg5 22.Rfd3 Qf5
23.f4 h6 24.b4 h5 25.Qf3 a6 26.a4 Rc8 27.a5 Rc7 28.Kf2 g6 29.Re1 Bg7 30.g4 hxg4
31.Nxg4 Kf8 32.Ne5 Qf6 33.Rh1 Rd8 34.Qe4 Qf5 35.Qxf5 exf5 36.Re1 Bf6 37.Ke3 Kg7
38.Kd2 Rh8 39.Nf3 Rd7 40.Kc2 Re7 41.Kb3 Re6 42.Ne5 Rh2 43.g3 Bxe5 44.dxe5 Re7
45.Kc3 Rh3 46.Ree3 g5 47.fxg5 Kg6 48.Kd4 Kxg5 49.Kc5 Rh6 50.Rd8 f4 51.Rg8+ Kf5
52.g4+ Ke6 53.Re4 Rg6 54.Rxg6+ fxg6 55.Rxf4 Kxe5 56.Rf1 Rg7 57.g5 Ke4 58.Rf6 Ke3
59.Kd6 c5 60.bxc5 Kd4 61.Rf4+ Kc3 62.c6 bxc6 63.Kxc6 Re7 64.c5 Re5 65.Rg4  1-0

[Event "ARG-ch"]
[Site "?"]
[Date "1989.??.??"]
[Round "10"]
[White "Contin, Daniel"]
[Black "Walicki, Diego"]
[Result "1-0"]
[WhiteElo "2310"]
[BlackElo "2255"]

1.c4 c6 2.e4 d5 3.exd5 Nf6 4.d4 cxd5 5.Nc3 e6 6.Nf3 dxc4 7.Bxc4 Be7 8.O-O O-O
9.Bg5 Nc6 10.a3 b6 11.Qd3 Bb7 12.Bb3 Rc8 13.Rad1 Re8 14.Rfe1 g6 15.Bxe6 fxe6
16.Rxe6 Nh5 17.d5 Bxg5 18.Rxg6+ hxg6 19.Qxg6+ Ng7 20.Nxg5 Qxg5 21.Qxg5 Ne5
22.Ne4 Nd7 23.f3 Re5 24.Qg4 Rd8 25.Qh4 Rf8 26.Ng5 Nf6 27.d6 Rd5 28.Rxd5 Bxd5
29.d7 b5 30.Nh7 Nxd7 31.Nxf8 Nxf8 32.Qd4 Bc4 33.Qxa7 Nfe6 34.Qd7 Kf8 35.f4 Nf5
36.g4 Nfd4 37.f5 Nf3+ 38.Kf2 Neg5 39.h4 Nf7 40.Qc8+ Kg7 41.Kxf3 Ne5+ 42.Kg3 Nf7
43.g5 Nd6 44.Qd7+ Nf7 45.g6  1-0

[Event "ARG-ch sf"]
[Site "ARG"]
[Date "1989.??.??"]
[Round "?"]
[White "Paglilla, Carlos"]
[Black "Bulcourf, Carlos"]
[Result "1-0"]
[WhiteElo "2395"]
[BlackElo "2300"]

1.c4 c6 2.e4 e5 3.Nf3 Nf6 4.Nc3 Bb4 5.a3 Bxc3 6.dxc3 Nxe4 7.Qe2 f5 8.Nd2 O-O
9.Nxe4 fxe4 10.c5 b6 11.Qxe4 bxc5 12.Bd3 g6 13.O-O d6 14.Bh6 Re8 15.Rad1 Bf5
16.Qe3 Bxd3 17.Rxd3 c4 18.Rd2 Na6 19.f4 d5 20.fxe5 Qb6 21.Rd4 Nc5 22.Qf2 Qc7
23.Rf4 Ne6 24.Rf6 Qxe5 25.Re1 Qh5 26.Qe3 Nf8 27.Ref1 Re6 28.Rxe6 Nxe6 29.Qxe6+ Kh8
30.Be3  1-0

[Event "Bad Mergentheim op"]
[Site "Bad Mergentheim"]
[Date "1989.??.??"]
[Round "?"]
[White "Kuban, Guenther"]
[Black "Radulov, Ivan"]
[Result "1-0"]
[WhiteElo "2260"]
[BlackElo "2450"]

1.c4 c6 2.e4 d5 3.exd5 cxd5 4.d4 Nf6 5.Nc3 e6 6.Nf3 Be7 7.c5 O-O 8.Bf4 Nc6
9.Bb5 Ne4 10.O-O Bd7 11.Qe2 a6 12.Bxc6 Bxc6 13.Rfc1 g5 14.Nxe4 dxe4 15.Nxg5 Qxd4
16.Nxh7 Kxh7 17.Qh5+ Kg8 18.Be5 Qxe5 19.Qxe5 Rfd8 20.Rc3 Rd3 21.Rxd3 exd3
22.Qg3+ Kf8 23.Qxd3 Bf6 24.Rd1 Bxb2 25.Qd6+ Ke8 26.Qg3 Kf8 27.Qg5  1-0

[Event "FRG-ch"]
[Site "Bad Neuenahr"]
[Date "1989.??.??"]
[Round "?"]
[White "Maier, Christian"]
[Black "Klebel, Martin"]
[Result "1-0"]
[WhiteElo "2325"]
[BlackElo "2350"]

1.c4 c6 2.b3 d5 3.Bb2 Nf6 4.e3 Bg4 5.Qc2 e6 6.Nf3 Nbd7 7.Nc3 Bd6 8.cxd5 exd5
9.Nd4 Nc5 10.h3 Bd7 11.Be2 a5 12.O-O O-O 13.Nf5 Bxf5 14.Qxf5 Qc8 15.Qc2 Qe6
16.Rae1 Rfc8 17.f4 b5 18.Bf3 Nce4 19.Ne2 Bb4 20.d3 Bxe1 21.Rxe1 Nd6 22.e4 Nd7
23.Nd4 Qe7 24.Nxc6 Qh4 25.Rf1 dxe4 26.dxe4 Nc4 27.bxc4 Rxc6 28.Qd2 Nb6 29.cxb5 Rh6
30.Qd4 Rg6 31.f5 Rd8 32.fxg6 Rxd4 33.Bxd4 Qd8 34.gxf7+ Kxf7 35.Bg4+ Kg6 36.Bf5+ Kh6
37.Be3+ g5 38.h4 Kg7 39.Bxg5 Qd4+ 40.Kh2 h5 41.Bf4 Nc4 42.Rc1 Ne3 43.Rc7+ Kg8
44.Bxe3 Qxe3 45.Rc2 Kf7 46.Rb2 Qc3 47.Rb3 Qe5+ 48.g3 a4 49.Rb1 Qc3 50.e5 Qxe5
51.Bh3 Qc5 52.Bg2 Qb6 53.Rb4 a3 54.Rb3 Kf6 55.Rxa3 Qxb5 56.Ra8 Qb6 57.a4 Kg7
58.a5 Qc5 59.a6 Qa3 60.a7  1-0

[Event "FRG-ch"]
[Site "Bad Neuenahr"]
[Date "1989.??.??"]
[Round "?"]
[White "Sehner, Norbert"]
[Black "Backwinkel, Paul"]
[Result "1-0"]
[WhiteElo "2415"]
[BlackElo "2325"]

1.c4 c6 2.g3 d5 3.Qc2 Nf6 4.Bg2 Bg4 5.h3 Bh5 6.d3 e6 7.Nf3 Nbd7 8.O-O dxc4
9.dxc4 Bg6 10.Qd1 Bc5 11.Nc3 Qc7 12.Na4 Be7 13.Be3 O-O 14.Nh4 Be4 15.Nc3 Bxg2
16.Kxg2 Ne5 17.b3 Nfd7 18.Nf3 Nxf3 19.exf3 Rfd8 20.Qc2 e5 21.Rad1 Nf8 22.f4 exf4
23.Bxf4 Qa5 24.Be3 Ne6 25.Ne2 Bf6 26.Nf4 Nd4 27.Qe4 Re8 28.Qb1 Rad8 29.Rfe1 Ne6
30.Nxe6 Rxe6 31.Rxd8+ Bxd8 32.Rd1 Bf6 33.Rd7 b6 34.Qd3 Re8 35.Bd4 Qxa2 36.Bxf6 gxf6
37.Qf3 Qa1 38.h4 c5 39.Qg4+ Kf8 40.Qh5 Re7 41.Rd8+ Re8 42.Qh6+ Ke7 43.Rd3 Qa6
44.Qxh7 Qb7+ 45.f3 Rd8 46.Re3+  1-0

[Event "FRG-ch"]
[Site "Bad Neuenahr"]
[Date "1989.??.??"]
[Round "?"]
[White "Sehner, Norbert"]
[Black "Klebel, Martin"]
[Result "1/2-1/2"]
[WhiteElo "2415"]
[BlackElo "2350"]

1.c4 c6 2.e4 d5 3.exd5 cxd5 4.cxd5 Nf6 5.Nc3 Nxd5 6.d4 e6 7.Nf3 Be7 8.Bd3 Nc6
9.O-O O-O 10.Re1 Bf6 11.Ne4 Bxd4 12.Nxd4 Nxd4 13.Ng5 Nf5 14.b3 h6 15.Nf3 Qf6
16.Ne5 Nb4 17.Bxf5 exf5 18.Bb2 Be6 19.Nd3 Qh4 20.g3 Qe7 21.Nf4 Kh7 22.Qe2 Rae8
23.Rad1 Nc6 24.Bc3 Rg8 25.Rd3 Qf8 26.Re3 Nd8 27.Nd5 Qc5 28.Qd2 Ref8 29.Nf4 Re8
30.Re5 Qc6 31.b4 b6 32.b5 Qd7 33.Qb2 Nb7 34.Bd4 Nd6 35.a4 Ne4 36.f3 Ng5 37.Kg2 f6
38.R5e3 Bd5 39.Nxd5 Qxd5 40.Qf2 Rxe3 41.Bxe3 Rc8 42.Re2 Qb3 43.a5 Qxb5 44.axb6 axb6
45.Bxb6 Rc3 46.Be3 Qc6 47.Re1 Rc2 48.Re2 Rc3 49.Re1 Nf7 50.Bd4 Rd3 51.Bb2 Qd5
52.Re3 Ne5 53.Rxd3 Nxd3 54.Qd2 Kg8 55.Bc3 Kf7 56.Qe3 Ne5 57.h4 Qa2+ 58.Qd2 Qxd2+
59.Bxd2 Kg6 60.Bb4 Nd3 61.Bd6 Ne5  1/2-1/2

[Event "FRG-ch"]
[Site "Bad Neuenahr"]
[Date "1989.??.??"]
[Round "?"]
[White "Keitlinghaus, Ludger"]
[Black "Klebel, Martin"]
[Result "1/2-1/2"]
[WhiteElo "2410"]
[BlackElo "2350"]

1.c4 c6 2.d4 d5 3.Nf3 Nf6 4.Qc2 e6 5.g3 Nbd7 6.Bg2 dxc4 7.Qxc4 Bd6 8.O-O O-O
9.Rd1 Qc7 10.Bg5 e5 11.Nc3 h6 12.Bxf6 Nxf6 13.dxe5 Bxe5 14.Nxe5 Qxe5 15.Qb4 Qc7
16.Qd6 Qa5 17.Rd2 Be6 18.Rad1 Ng4 19.h3 Nf6 20.e4 Nd7 21.Ne2 Rad8 22.b3 Nc5
23.Qxd8 Rxd8 24.Rxd8+ Kh7 25.R1d2 Qb6 26.Nf4 a5 27.Nxe6 fxe6 28.e5 a4 29.bxa4 Qb1+
30.Kh2 Qe1 31.f4 Nxa4 32.Rd1 Qe2 33.R1d2 Qe1 34.Rd1 Qe2 35.R8d2 Qe3 36.Rd3 Qe2
37.R1d2 Qe1 38.Rc2 g5 39.Rd7+ Kg6 40.fxg5 hxg5 41.Rxb7 Nc3 42.Rc7 Qxe5 43.Rd7 Ne2
44.Rd3 c5 45.a4 g4 46.hxg4 Qh8+ 47.Bh3 Qe5 48.a5 c4 49.Rxc4 Qa1 50.Bg2 Qh8+
51.Bh3 Qa1  1/2-1/2

[Event "Bad Woerishofen op"]
[Site "Bad Woerishofen"]
[Date "1989.??.??"]
[Round "?"]
[White "Bischoff, Klaus"]
[Black "Reefschlaeger, Helmut"]
[Result "0-1"]
[WhiteElo "2505"]
[BlackElo "2380"]

1.c4 c6 2.Nf3 d5 3.e3 Nf6 4.Nc3 g6 5.d4 Bg7 6.Be2 O-O 7.O-O a6 8.a4 Nbd7
9.cxd5 cxd5 10.b3 b6 11.Ba3 Re8 12.Rc1 Bb7 13.Rc2 Ne4 14.Qa1 Rc8 15.Rfc1 e6
16.h3 Nxc3 17.Rxc3 Rxc3 18.Qxc3 Bf8 19.Bxf8 Rxf8 20.Qc7 Qc8 21.Kf1 f6 22.Ke1 Nb8
23.Kd2 Qxc7 24.Rxc7 Rf7 25.Rc1 Kf8 26.Ne1 Ke8 27.Nd3 Kd8 28.Bg4 Re7 29.h4 Nc6
30.Nf4 f5 31.Be2 Kd7 32.g4 fxg4 33.Bxg4 Kd6 34.Nd3 e5 35.dxe5+ Nxe5 36.Nxe5 Rxe5
37.f4 Re4 38.Bf3 Re8 39.Kd3 Bc8 40.Kd4 Be6 41.b4 Ra8 42.Rc3 Ra7 43.Rc2 Ra8
44.Rc1 Ra7 45.Bd1 Bd7 46.Bb3 Bc6 47.Ra1 Re7 48.Bc2 Bd7 49.a5 b5 50.e4 dxe4
51.Bxe4 Bf5 52.Bf3 Rc7 53.Rd1 Rc4+ 54.Ke3+ Kc7 55.Rd4 Rc3+ 56.Kf2 Rc2+ 57.Kg3 h5
58.Bd5 Rc3+ 59.Kg2 Rh3 60.Be4 Rxh4 61.Bxf5 gxf5 62.Kg3 Rg4+ 63.Kf3 h4 64.Rd5 Rg3+
65.Ke2 Rb3 66.Rxf5 Rxb4 67.Rf6 h3 68.Kf3 h2 69.Kg2 Rb2+ 70.Kh1 Kb7 71.Rf7+ Kc6
72.Rf6+ Kc5 73.Rxa6 Rf2 74.Ra8 Rxf4 75.a6 Ra4 76.a7 Kb4 77.Kxh2 Ra6 78.Kg2 Ka4
79.Kf2 b4 80.Ke2 Ka3 81.Kd2 b3 82.Kc3 Ka2  0-1

[Event "Bayern-ch"]
[Site "Bayern"]
[Date "1989.??.??"]
[Round "?"]
[White "Rother, Christoph"]
[Black "Roeder, Frank"]
[Result "0-1"]
[WhiteElo "2360"]
[BlackElo "2365"]

1.c4 c6 2.Nf3 d5 3.d4 Nf6 4.Nc3 Bf5 5.e3 e6 6.Be2 Nbd7 7.O-O Bd6 8.Bd2 Ne4
9.Nxe4 Bxe4 10.Bc3 O-O 11.Nd2 Bg6 12.f4 Nf6 13.c5 Bc7 14.b4 b6 15.Qa4 Qd7
16.Qa6 Rfb8 17.a4 Ne8 18.Rfc1 Bxf4 19.exf4 Nc7 20.Nf3 Nxa6 21.Bxa6 f6 22.Re1 Be4
23.Nd2 Bf5 24.Re3 bxc5 25.bxc5 Re8 26.h3 h5 27.Nf3 Qc7 28.g3 Bxh3 29.Kf2 Bg4
30.Bd3 Bf5 31.Bf1 Rab8 32.Ra2 Rb3 33.Nh4 Be4 34.f5 exf5 35.Ba5 Qb8 36.Bc7 Qb4
37.Nxf5 Rxe3  0-1

[Event "Bayern-ch"]
[Site "Bayern"]
[Date "1989.??.??"]
[Round "?"]
[White "Wachinger, Guenther"]
[Black "Klebel, Martin"]
[Result "1/2-1/2"]
[WhiteElo "2295"]
[BlackElo "2350"]

1.c4 c6 2.e4 d5 3.exd5 cxd5 4.d4 Nf6 5.Nc3 Nc6 6.Nf3 e6 7.cxd5 Nxd5 8.Bd3 Be7
9.O-O O-O 10.Re1 Qd6 11.a3 Rd8 12.Bc2 a6 13.Ne4 Qc7 14.Qd3 e5 15.dxe5 g6
16.Nd6 Be6 17.Bb3 Nxe5 18.Nxe5 Bxd6 19.Qe2 Nc3 20.bxc3 Bxb3 21.Ng4 Bf4 22.Qf3 Bxc1
23.Raxc1 Be6 24.Nf6+ Kg7 25.c4  1/2-1/2

[Event "Bayern-ch"]
[Site "Bayern"]
[Date "1989.??.??"]
[Round "?"]
[White "Wachinger, Guenther"]
[Black "Roeder, Gerd"]
[Result "1/2-1/2"]
[WhiteElo "2295"]
[BlackElo "2310"]

1.c4 c6 2.Nf3 d5 3.d4 Nf6 4.Nc3 dxc4 5.a4 Bf5 6.Ne5 e6 7.f3 Bb4 8.e4 Bxe4
9.fxe4 Nxe4 10.Qf3 Qxd4 11.Qxf7+ Kd8 12.Bg5+ Nxg5 13.Qxg7 Bxc3+ 14.bxc3 Qxc3+
15.Ke2 Qb2+ 16.Ke3 Qc3+ 17.Ke2 Qb2+  1/2-1/2

[Event "GMA-qual"]
[Site "Belgorod"]
[Date "1989.??.??"]
[Round "?"]
[White "Arkhipov, Sergey"]
[Black "Filipenko, Alexander V"]
[Result "1/2-1/2"]
[WhiteElo "2465"]
[BlackElo "2370"]

1.c4 c6 2.e4 d5 3.exd5 cxd5 4.d4 Nf6 5.Nc3 Nc6 6.Nf3 Bg4 7.cxd5 Nxd5 8.Qb3 Bxf3
9.gxf3 e6 10.Qxb7 Nxd4 11.Bb5+ Nxb5 12.Qc6+ Ke7 13.Qxb5 Qd7 14.Nxd5+ Qxd5
15.Qxd5 exd5 16.O-O Ke6 17.Re1+ Kf5 18.Rd1 Rd8 19.Be3 Rd7 20.Rac1 Be7 21.Rd4 g5
22.Ra4 Bf6 23.b4 d4 24.Ra5+ Kg6 25.Bd2 Re8 26.Kf1 d3 27.Ra6 Re6 28.Rxe6 fxe6
29.Rc6 Be5 30.h3 Bf4 31.Ke1 Kf5 32.Rc4 Bxd2+ 33.Kxd2 e5 34.b5 Ke6 35.Rc6+ Kf5
36.a4 Rd4 37.Ra6 Rd7 38.Rc6 Rd4 39.a5 Rb4 40.Kxd3 Rxb5 41.Ra6 Rb3+ 42.Ke2 Rb2+
43.Kf1 Rb7 44.Rh6 Rf7 45.Kg2 Rf6 46.Rxh7 Ra6 47.h4 Kg6 48.Rh8 gxh4 49.Rxh4 Rxa5
50.f4  1/2-1/2

[Event "Belgrade op"]
[Site "Belgrade"]
[Date "1989.??.??"]
[Round "1"]
[White "Strikovic, Aleksa"]
[Black "Drasko, Milan"]
[Result "1/2-1/2"]
[WhiteElo "2470"]
[BlackElo "2485"]

1.c4 c6 2.Nf3 d5 3.b3 Nf6 4.Bb2 Bf5 5.d3 e6 6.g3 Be7 7.Bg2 O-O 8.O-O h6 9.Nbd2 Nbd7
10.a3 a5  1/2-1/2

[Event "Biel"]
[Site "Biel"]
[Date "1989.??.??"]
[Round "?"]
[White "Miles, Anthony J"]
[Black "Torre, Eugenio"]
[Result "1-0"]
[WhiteElo "2580"]
[BlackElo "2560"]

1.c4 c6 2.e4 d5 3.cxd5 cxd5 4.exd5 Nf6 5.Bb5+ Nbd7 6.Nc3 a6 7.Qa4 Rb8 8.Bxd7+ Bxd7
9.Qf4 b5 10.a3 Rb6 11.Nf3 e6 12.Ne5 exd5 13.Nxd5 Re6 14.d4 Bd6 15.Ne3 Qc7
16.Bd2 Bxe5 17.dxe5 Qxe5 18.Qxe5 Rxe5 19.Bc3 Re6 20.O-O O-O 21.Rfd1 Bc6 22.Nf5 Be4
23.Nd4 Rb6 24.f3 Bd5 25.Kf2 Re8 26.g4 Be6 27.Re1 Nd5 28.Nxe6 fxe6 29.Be5 Rc6
30.Rac1 Rec8 31.Rxc6 Rxc6 32.h4 Kf7 33.h5 Rc2+ 34.Re2 Rc1 35.Rd2 Rc5 36.Ke2 Rc1
37.Kd3 Rf1 38.Ke4 Re1+ 39.Kd4 Rf1 40.Rd3 Rc1 41.Bg3 Ke7 42.Rd2 Rf1 43.Bf2 Rc1
44.Ke5 Rc4 45.Bh4+ Kf7 46.Kd6 Rc1 47.Bg3 Ne3 48.Rd4 Nc4+ 49.Kc7 Nxb2+ 50.Kb7 Nc4
51.Rd7+ Kf6 52.Bc7 g6 53.Bd8+ Ke5 54.h6 Rc3 55.Bc7+ Kf6 56.Rxh7 Rxf3 57.Bd8+ Ke5
58.g5 Nd6+ 59.Kxa6 Rxa3+ 60.Kb6 Ne4 61.Bc7+ Kf5 62.Rf7+ Kg4 63.h7 Rh3 64.Be5 Rxh7
65.Rxh7 Nxg5 66.Rg7  1-0

[Event "Bled op"]
[Site "Bled"]
[Date "1989.??.??"]
[Round "9"]
[White "Gostisa, Leon"]
[Black "Crepan, Marjan"]
[Result "1-0"]
[WhiteElo "2420"]
[BlackElo "2305"]

1.c4 c6 2.e4 d5 3.exd5 cxd5 4.d4 Nc6 5.Nc3 Nf6 6.Bg5 dxc4 7.d5 Ne5 8.Qd4 Nd3+
9.Bxd3 cxd3 10.Nf3 e6 11.O-O-O Be7 12.Rhe1 O-O 13.Rxd3 Qa5 14.d6 Bd8 15.Ne5 Nd7
16.Be7 Re8 17.Rg3 g6 18.Ng4 e5 19.Rxe5 Qb6 20.Qf4 f5 21.Nh6+ Kh8 22.Nf7+ Kg8
23.Nh6+ Kh8 24.Rb5 Bxe7 25.Rxb6 Bf6 26.Rb5 a6 27.Rd5 b5 28.Re3 Bb7 29.Rd1 Kg7
30.Nxf5+ gxf5 31.Qxf5 Bc6 32.Rg3+  1-0

[Event "Brno zt (Women)"]
[Site "Brno"]
[Date "1989.??.??"]
[Round "14"]
[White "Muresan, Margareta"]
[Black "Kaczorowska, Barbara"]
[Result "1-0"]
[WhiteElo "2215"]
[BlackElo "2225"]

1.c4 c6 2.Nc3 d5 3.d4 Nf6 4.cxd5 cxd5 5.Bf4 e6 6.e3 Be7 7.Bd3 O-O 8.h3 Nc6
9.Rc1 Qb6 10.Nf3 Qxb2 11.O-O Qb6 12.Nb5 Qd8 13.Bc7 Qd7 14.Ne5 Nxe5 15.dxe5 Ne8
16.Ba5 b6 17.Bd2 Ba6 18.a4 Bc5 19.Qb3 Bb7 20.Nd4 Qe7 21.a5 Nc7 22.Rxc5 bxc5
23.Qxb7 Rfb8 24.Nc6 Rxb7 25.Nxe7+ Kf8 26.Nc6 Rb3 27.Bc2 Rb2 28.Rc1 a6 29.Bc3 Rb7
30.Ba4 Nb5 31.Bb2 c4 32.Nd4 Nxd4 33.Bxd4 Rc8 34.Bc3 Ke7 35.Kf1 f5 36.f4 h6
37.g4 g6 38.Ke2 Kf7 39.Rg1 Rcb8 40.Bc2 Rh8 41.gxf5 gxf5 42.Bxf5 Rb3 43.Bd4 Rc8
44.Bg6+ Ke7 45.Bc2 Ra3 46.Rg7+ Kf8 47.Rh7 Rc6 48.Rxh6 Rxa5 49.f5 Ra2 50.Kd2 a5
51.Rxe6 c3+ 52.Bxc3 Rc7 53.Ra6 Rc5 54.e6  1-0

[Event "Perenyi mem-B"]
[Site "Budapest"]
[Date "1989.??.??"]
[Round "?"]
[White "Schneider, B."]
[Black "Varga, Zoltan"]
[Result "1-0"]
[WhiteElo "2470"]
[BlackElo "2425"]

1.c4 c6 2.Nc3 d5 3.d4 e6 4.cxd5 exd5 5.Nf3 Bf5 6.Bf4 Nf6 7.e3 Qb6 8.Qc1 h6
9.Be2 Nbd7 10.O-O Be7 11.a3 a5 12.Na4 Qd8 13.Ne5 O-O 14.Bd3 Bxd3 15.Nxd3 Nh5
16.Bg3 Nxg3 17.hxg3 Nf6 18.Qc2 Bd6 19.Rfe1 Re8 20.Nac5 Qc8 21.Nf4 Re7 22.b4 Qg4
23.Rab1 axb4 24.axb4 Rae8 25.b5 cxb5 26.Rxb5 Bxf4 27.gxf4 Qh4 28.g3 Qh3 29.Qd1 Ng4
30.Qf3 Qh2+ 31.Kf1 Ra8 32.Rb2 Nxe3+ 33.Rxe3 Ra1+ 34.Ke2 Rxe3+ 35.Kxe3 Qg1
36.Nd3 Ra3 37.Qe2 Qc1+ 38.Rd2 Qh1 39.Rc2 Qe4+ 40.Kd2 Qxd4 41.Qe3 Qa4 42.Qc5 Ra2
43.Nb4 Rxc2+ 44.Nxc2 Qe4 45.Ne3 d4 46.Qc8+ Kh7 47.Qf5+  1-0

[Event "Buenos Aires FMDA tt"]
[Site "Buenos Aires"]
[Date "1989.??.??"]
[Round "5"]
[White "Hase, Juan C"]
[Black "Varga, Mariano"]
[Result "1-0"]
[WhiteElo "2345"]
[BlackElo "2250"]

1.c4 c6 2.e4 d5 3.exd5 cxd5 4.d4 Nf6 5.Nc3 g6 6.Nf3 Bg7 7.Be2 O-O 8.O-O Nc6
9.Re1 dxc4 10.d5 Na5 11.Bf4 a6 12.b4 cxb3 13.axb3 Bg4 14.h3 Rc8 15.Be5 Bxf3
16.Bxf3 Ne8 17.Bxg7 Nxg7 18.Ne4 f5 19.Nd2 Re8 20.b4 Nc4 21.Nxc4 Rxc4 22.Qb3 Rd4
23.d6+ e6 24.Bxb7 Qb6 25.Rxa6 Qxb4 26.Qxb4 Rxb4 27.Bc6 Rd8 28.Rc1 Rxd6 29.Ra7 Rdd4
30.Bd5 h5 31.Rcc7 Rd1+ 32.Kh2 exd5 33.Rxg7+ Kf8 34.Raf7+ Ke8 35.Rh7 f4 36.Ra7  1-0

[Event "Caorle op"]
[Site "Caorle"]
[Date "1989.??.??"]
[Round "1"]
[White "Raicevic, Ivica"]
[Black "Mufic, Goran"]
[Result "1/2-1/2"]
[WhiteElo "2290"]
[BlackElo "2275"]

1.c4 c6 2.Nc3 d5 3.d4 Nf6 4.Nf3 Bf5 5.Qb3 Qb6 6.e3 e6 7.c5 Qc7 8.Bd2 b6 9.cxb6 axb6
10.Rc1 Nbd7 11.h3 h6 12.Be2 Be7 13.Ne5 Nxe5 14.dxe5 Nd7 15.Nb5 Qb7 16.Nd6+ Bxd6
17.exd6 O-O 18.g4 Bg6 19.h4 c5 20.h5 Bh7 21.Rg1 f6 22.f4 Qb8 23.g5 fxg5 24.fxg5 hxg5
25.Rxg5 Qd8 26.e4 Bxe4 27.Qg3 Qf6 28.Rg4 Bf5 29.Rg5 Kh7 30.a3 Ne5 31.Rc3 Nf7
32.Rg6 Qe5 33.Bf4 Qd4 34.Be3 Qe5 35.Bf4 Qd4 36.Be3 Qe5 37.Bf4 Qd4 38.Be3 Qe5  1/2-1/2

[Event "Caorle op"]
[Site "Caorle"]
[Date "1989.??.??"]
[Round "2"]
[White "Bern, Ivar"]
[Black "Kajganovic, Miodrag"]
[Result "1-0"]
[WhiteElo "2360"]
[BlackElo "2230"]

1.c4 c6 2.Nc3 d5 3.cxd5 cxd5 4.d4 Nf6 5.Bf4 Nc6 6.e3 e6 7.Bd3 Be7 8.h3 a6
9.Nf3 b5 10.a4 b4 11.Nb1 Bb7 12.Nbd2 Nd7 13.O-O g5 14.Bg3 h5 15.Rc1 f5 16.Nb3 g4
17.hxg4 hxg4 18.Nh2 Bh4 19.Bf4 Bg5 20.Bg3 Bh4 21.Nc5 Nxc5 22.Rxc5 Qf6 23.Re1 Bxg3
24.fxg3 Kd7 25.Qe2 Rac8 26.Rc2 Nb8 27.Rec1 Qe7 28.Nf1 Qd6 29.Qe1 Rxc2 30.Rxc2 Rc8
31.Rxc8 Kxc8 32.Nd2 Bc6 33.Nb3 Bxa4 34.Nc5 Bb5 35.Bxb5 axb5 36.Kf2 Nd7 37.Qxb4 Nxc5
38.dxc5 Qa6 39.Qd4 Qa5 40.b4 Qa2+ 41.Kg1 Qc4 42.Kh2 Kd7 43.Qg7+ Kc8 44.Qg8+ Kc7
45.Qf7+ Kd8 46.Qf8+ Kc7 47.Qd6+ Kb7 48.Qb6+ Kc8 49.c6  1-0

[Event "Caorle op"]
[Site "Caorle"]
[Date "1989.??.??"]
[Round "3"]
[White "Capece, Adolivio"]
[Black "Pastres, Roberto"]
[Result "1/2-1/2"]
[WhiteElo "2030"]
[BlackElo "2025"]

1.c4 c6 2.Nc3 d5 3.d4 Nf6 4.cxd5 cxd5 5.g3 Nc6 6.Bg2 Bf5 7.Nf3 e6 8.Bf4 Bb4
9.O-O O-O 10.Bg5 h6 11.Bxf6 Qxf6 12.Rc1 Rac8 13.Qa4 Qe7  1/2-1/2

[Event "Cappelle op"]
[Site "Cappelle"]
[Date "1989.??.??"]
[Round "?"]
[White "Harasta, Vladimir"]
[Black "Jadoul, Michel"]
[Result "1/2-1/2"]
[WhiteElo "2200"]
[BlackElo "2395"]

1.c4 c6 2.d4 b5 3.e3 bxc4 4.Bxc4 d5 5.Bd3 Ba6 6.Nf3 Nd7 7.Bxa6 Qa5+ 8.Nc3 Qxa6
9.Qe2 Qxe2+ 10.Kxe2 e6 11.Bd2 Bd6 12.Rhc1 Ne7 13.Rc2 f6 14.Na4 Kf7 15.h3 Rhb8
16.b3 Rc8 17.Ne1 c5 18.dxc5 Nxc5 19.Nxc5 Rxc5 20.Rxc5 Bxc5 21.Rc1 Bd6 22.Ba5 e5
23.f3 h5  1/2-1/2

[Event "Chianciano tt"]
[Site "Chianciano"]
[Date "1989.??.??"]
[Round "?"]
[White "Palatnik, Semon"]
[Black "Vallifuoco, Giacomo"]
[Result "1-0"]
[WhiteElo "2470"]
[BlackElo "2345"]

1.c4 c6 2.d4 d5 3.Nf3 Nf6 4.Qc2 g6 5.Bf4 Bf5 6.Qb3 Qb6 7.e3 Bg7 8.Nc3 O-O
9.h3 Nbd7 10.c5 Qxb3 11.axb3 Ne4 12.b4 Nxc3 13.bxc3 Be4 14.Nd2 e5 15.Bh2 exd4
16.cxd4 b6 17.Nxe4 dxe4 18.Bd6 bxc5 19.bxc5 Rfb8 20.Ba6 Rb4 21.O-O Bf8 22.Bg3 Nb8
23.Bc8 a5 24.Rfb1 Na6 25.Bb7 Ra7 26.Bxc6 Rxb1+ 27.Rxb1 Nb4 28.Bxe4  1-0

[Event "URS-sf"]
[Site "Daugavpils"]
[Date "1989.??.??"]
[Round "?"]
[White "Ubilava, Elizbar"]
[Black "Shirov, Alexei"]
[Result "0-1"]
[WhiteElo "2525"]
[BlackElo "2495"]

1.c4 c6 2.d4 d5 3.Nf3 Nf6 4.Nc3 e6 5.Bg5 dxc4 6.e4 b5 7.a4 Bb4 8.e5 h6 9.Bh4 g5
10.exf6 gxh4 11.Ne5 c5 12.Qh5 Qxf6 13.O-O-O a6 14.Be2 Nd7 15.Bf3 cxd4 16.Nxd7 Bxd7
17.Bxa8 Bxc3 18.bxc3 d3 19.Rxd3 cxd3 20.Qc5 Qf4+ 21.Kb2 Qxa4 22.Bf3 Qc2+
23.Ka1 d2 24.Rb1 Rg8 25.Qd4 Rg5 26.Rb2 Qc1+ 27.Ka2 Rd5  0-1

[Event "Debrecen"]
[Site "Debrecen"]
[Date "1989.??.??"]
[Round "?"]
[White "Ftacnik, Lubomir"]
[Black "Hector, Jonny"]
[Result "1-0"]
[WhiteElo "2550"]
[BlackElo "2485"]

1.c4 c6 2.Nf3 d5 3.d4 Nf6 4.Nc3 dxc4 5.a4 Bf5 6.e3 e6 7.Bxc4 Bb4 8.O-O Nbd7
9.Nh4 Bg4 10.f3 Bh5 11.g4 Bg6 12.e4 O-O 13.g5 Ne8 14.Nxg6 hxg6 15.Be3 c5
16.d5 e5 17.Bb5 c4 18.Bxc4 Bc5 19.Bxc5 Qxg5+ 20.Kh1 Nxc5 21.Rg1 Qd8 22.d6 Nxd6
23.Ba2 g5 24.Qd5 Rc8 25.Rad1 Qf6 26.Qxd6 Qxf3+ 27.Rg2 Nxe4 28.Nxe4 Qxe4 29.Qd5 Qxa4
30.Rxg5 Rcd8 31.Rxg7+ Kh8 32.Rg8+ Kxg8 33.Qg2+ Kh8 34.Qh3+ Kg7 35.Qg3+ Kf6
36.Rf1+ Ke7 37.Qxe5+ Kd7 38.Rc1 Qc6+ 39.Rxc6 Kxc6 40.Qc3+ Kd6 41.Qf6+ Kc7
42.Bd5 Rd7 43.Qe5+ Kd8 44.Bf3  1-0